000 01137cam a2200349 i 4500
001 200449852
999 _c200449852
_d68064
003 TR-AnTOB
005 20241106163641.0
007 ta
008 200928s2020 tu 000 0 tur d
020 _a9786257953108
020 _a6257953103
035 _a(OCoLC)1197989910
040 _aHVL
_beng
_erda
_cHVL
_dTR-AnTOB
041 0 _atur
050 1 4 _aKKX1902
_b.K676 2020
090 _aKKX1902
_b.K676 2020
100 1 _aKorkmaz, Ramazan,
_d1989-
_eauthor
_9121474
245 1 0 _aHaksız ihtiyatî tedbir ve ihtiyatî hacizden kaynaklanan tazminat davası /
_cDr. Ramazan Korkmaz.
250 _a1. baskı Ocak 2020
264 1 _aIstanbul :
_bOn İki Levha Yayıncılık,
_c2020.
300 _axxvi, 368 pages ;
_c23 cm
336 _atext
_2rdacontent
_btxt
337 _aunmediated
_2rdamedia
_bn
338 _avolume
_2rdacarrier
_bnc
500 _a"Yayın no: 1327"--Page facing title page.
650 0 _aİcra-iflas hukuku
_zTürkiye
_9115811
650 0 _aİhtiyati haciz
_zTürkiye
_9115787
650 7 _aİhtiyati tedbir
_zTürkiye
_2etuturkob
_9138935
942 _2lcc
_cBK